000 00491nam a2200181Ia 4500
001 7714
005 20260306160515.0
008 260306t2016||||xx |||||||||||||| ||spa||
041 _aESP
082 _a354.36
_bW35
100 _aWeber Brun, Gerti
_eAUT
245 0 _aAportes técnicos y formativos para el uso sostenible de los recursos hídricos en América latina
260 _c2016
300 _a188 páginas :
_c24 cm.
650 _aGEN
654 _aCIA
942 _cLIB
_dJUS
_fJUS
_2ddc
_n
999 _c7714
_d7714